| 000 | 00943cam a22002773a 4500 | ||
|---|---|---|---|
| 001 | 3793 | ||
| 003 | PGUSA | ||
| 005 | 20140828083038.0 | ||
| 008 | 030201s2003||||xxu|||||s|||||000 1 eng d | ||
| 040 |
_aPGUSA _beng |
||
| 042 | _adc | ||
| 050 | 4 | _aPT | |
| 100 | 1 |
_aMühlbach, L. _q(Luise), _d1814-1873 |
|
| 245 | 1 | 0 |
_aJoseph II. and His Court : _bAn Historical Novel _h[electronic resource] / _cL. Mühlbach |
| 260 |
_bProject Gutenberg, _c2003 |
||
| 506 | _aPublic domain in the USA. | ||
| 516 | _aElectronic text | ||
| 653 | _aCourts and courtiers -- Fiction | ||
| 653 | _aHoly Roman Empire -- History -- Joseph II, 1765-1790 -- Fiction | ||
| 653 | _aAustria -- History -- Joseph II, 1780-1790 -- Fiction | ||
| 653 | _aJoseph II, Holy Roman Emperor, 1741-1790 -- Fiction | ||
| 700 | 1 |
_aChaudron, A. de V. _q(Adelaide de Vendel) |
|
| 830 | 0 |
_aProject Gutenberg _v3793 |
|
| 856 | 4 | 0 | _uhttp://www.gutenberg.org/ebooks/3793 |
| 942 | _cEB | ||
| 999 |
_c233122 _d233122 |
||